| 000 | 01009cam a2200289 a 4500 | ||
|---|---|---|---|
| 001 | 12070334 | ||
| 003 | ARRUPE | ||
| 005 | 20161207083011.0 | ||
| 008 | 000622s1978 enk b 001 0 eng | ||
| 010 | _a 00363425 | ||
| 020 | _z853152861 | ||
| 040 |
_aDLC _cDLC _dDLC |
||
| 043 | _ae-uk--- | ||
| 050 | 0 | 0 | _aHD8388.M68 1979 |
| 082 | 0 | 0 |
_a331.88/0941 _221 |
| 100 | 1 |
_aMorton, A. L. _q(Arthur Leslie), _d1903- _927609 |
|
| 245 | 1 | 4 |
_aThe British labour movement, 1770-1920 : _ba history / _cby A.L. Morton and George Tate. |
| 260 |
_aLondon : _bLawrence & Wishart, _c1956 |
||
| 300 |
_a318 p. ; _c22 cm. |
||
| 500 | _aPublished originally in 1956 | ||
| 650 | 0 |
_aWorking class _zGreat Britain _xHistory. _923678 |
|
| 650 | 0 |
_aLabor unions _zGreat Britain _xHistory. _96202 |
|
| 700 | 1 |
_aTate, George, _d1914- _927610 |
|
| 906 |
_a7 _bcbc _corignew _d3 _encip _f19 _gy-gencatlg |
||
| 942 |
_2lcc _cMONOGRAPH |
||
| 999 |
_c125777 _d125777 |
||